A csillag üzenete - A Mercedes-Benz marketingkommunikációja
| Szerző: | |
|---|---|
| További közreműködők: | |
| Dokumentumtípus: | Diplomadolgozat |
| Kulcsszavak: | branding marketing marketingeszközök marketingkommunikáció márka |
| Online Access: | http://dolgozattar.uni-bge.hu/60278 |
MARC
| LEADER | 00000nta a2200000 i 4500 | ||
|---|---|---|---|
| 001 | dolg60278 | ||
| 005 | 20260409150235.0 | ||
| 008 | 260409suuuu hu om 000 hun d | ||
| 040 | |a BGE Dolgozattár Repozitórium |b hun | ||
| 041 | |a hu | ||
| 100 | 1 | |a Szamler Roland | |
| 245 | 1 | 2 | |a A csillag üzenete - A Mercedes-Benz marketingkommunikációja |c Szamler Roland |h [elektronikus dokumentum] |
| 520 | 3 | |a A dolgozat célja a Mercedes-Benz marketingkommunikációs tevékenységének átfogó elemzése volt, különös tekintettel arra, hogy a vállalat milyen eszközökkel és csatornákon keresztül szólítja meg fogyasztóit, valamint, hogy ezek a tevékenységek milyen hatást gyakorolnak a fogyasztói magatartásra. Az elméleti részben bemutatásra kerültek a marketing és marketingkommunikáció alapfogalmai, a marketingkommunikációs eszközök és stratégiák, a fogyasztói magatartás döntési folyamatai, a márkaérték jelentősége, továbbá a luxus- és prémium márkák közötti különbségek, illetve az ügyfélkapcsolatok fontossága. | |
| 695 | |a branding | ||
| 695 | |a marketing | ||
| 695 | |a marketingeszközök | ||
| 695 | |a marketingkommunikáció | ||
| 695 | |a márka | ||
| 700 | 1 | |a Dobó Dr. Róbert |e ths | |
| 856 | 4 | 0 | |u http://dolgozattar.uni-bge.hu/60278/1/A-csillag-u%CC%88zenete.pdf |z Dokumentum-elérés |
| 856 | 4 | 0 | |u http://dolgozattar.uni-bge.hu/60278/2/BA%20KM%20magyar%20b%C3%ADr%C3%A1lati%20lap%20BELS%C5%90%20Szamler%20Roland%20DR.pdf |z Dokumentum-elérés |
| 856 | 4 | 0 | |u http://dolgozattar.uni-bge.hu/60278/3/Szamler%20Roland_b%C3%ADr%C3%A1lat.pdf |z Dokumentum-elérés |